Ballon d'Or gagné par Pays - Statistiques

Statistiques générales
  • Ce quiz a été pris 1 143 fois
  • Le résultat moyen est 14 sur 20
Statistiques - réponses
Nombre de
Ballons d'Or
Pays % Correct
8 Argentine
100%
7 France
99%
7 Portugal
99%
5 Brésil
96%
7 Allemagne
95%
3 Espagne
94%
5 Italie
94%
5 Angleterre
91%
7 Pays Bas
87%
3 Russie / Union Soviétique
85%
1 Croatie
76%
1 Ukraine
61%
1 Hongrie
56%
1 République Tchèque
56%
1 Liberia
51%
1 Danemark
47%
1 Bulgarie
44%
1 Ecosse
40%
1 Irlande du Nord
36%
1 Tchécoslovaquie
16%
Aucun quiz correspondant
Distribution des résultats
% des personnes avec chaque résultat
Percentile par nombre de réponses
Votre historique - résultats
Vous n’avez pas pris ce quiz